Možnosti zlepšenia komunikácie medzi učiteľom a žiakom na Spojenej strednej odbornej škole v Brezne : Diplomová práca

Gespeichert in:
Bibliographische Detailangaben
1. Verfasser: Kochanová, Iveta, 1965- (Verfasst von)
Weitere Verfasser: Bednáriková, Mária, 1978- (Betreuung Doktorarbeit)
Format: Manuskript Buch
Sprache:Slowakisch
Veröffentlicht: Trnava : STU v Bratislave MTF UIPH, 2011
Schlagworte:
Online-Zugang:VAIS
Tags: Tag hinzufügen
Keine Tags, Fügen Sie das erste Tag hinzu!

MARC

LEADER 00000ntm a22000003a 4500
001 stu227331
005 20160719160453.2
008 110616s2011----xo------------------slo-d
040 |a STU  |b slo 
041 0 |a slo 
044 |a xo 
100 1 |a Kochanová, Iveta,  |d 1965-  |4 aut  |X 67210  |7 A000067210 
242 0 0 |a Options how to improve the communication between teachers and students linked to the Secondary specialized school in Brezno  |y eng 
245 1 |a Možnosti zlepšenia komunikácie medzi učiteľom a žiakom na Spojenej strednej odbornej škole v Brezne :  |b Diplomová práca 
260 |a Trnava :  |b STU v Bratislave MTF UIPH,  |c 2011 
300 |a 74 s., CD-ROM 
650 7 |a teacher  |2 estusub 
650 7 |a pedagóg  |2 stusub 
650 7 |a pedagogická komunikácia  |2 stusub 
650 7 |a učiteľstvo technických profesijných predmetov  |2 stusub 
650 7 |a Teaching Specific Engineering Subjects  |2 estusub 
700 1 |a Bednáriková, Mária,  |d 1978-  |4 ths  |u M310  |U MTF Ústav inžinierskej pedagogiky a humatitných vied  |T MTF Katedra humanitných vied  |X 70675  |U M310  |Y M310  |7 A000070675 
856 4 |a info a plný text  |u http://is.stuba.sk/zp/portal_zp.pl?podrobnosti=67792  |3 VAIS 
996 |c M*DP-10244  |l MMSKP  |s P  |a 0  |w stu227331_0001